Leyes Aduanales y de Comercio Exterior 2012

Detalles Bibliográficos
Autor principal: Přez Chv̀ez, Još
Formato: eBook
Lenguaje:español
Publicado: Mx̌ico : Tax Editores, 2012
Materias:
Acceso en línea:Aceso restringido

MARC

LEADER 00000nam a22000007a 4500
005 20120905170442.0
007 cr|||| ||||
008 120905s2012 mx |||||s|||| 00||0 spa d
020 |a 978-607-440-367-1 
035 |a 6639 
040 |a vLex 
090 |c 3371  |d 3371 
100 1 |a Přez Chv̀ez, Još 
245 1 0 |a Leyes Aduanales y de Comercio Exterior 2012   |h [Recurso electrn̤ico] /  |c Jos ̌Přez Chv̀ez, Raymundo Fol Olguin 
256 |a Servicio en ln̕ea 
260 |a Mx̌ico :  |b Tax Editores,  |c 2012 
300 |a 1 recurso electrn̤ico 
506 1 |a Contenido solo disponible en los productos indicados  |d vLex Global   |d vLex Global (Academic Edition, excluding Law Schools)   |d vLex Global (U.S. Academic Edition, Law Schools)   |d vLex Global (U.S. Academic Edition, excluding Law Schools)   |d vLex Global (Academic Edition, Law Schools)  
650 0 4 |a Comercio internacional  |x Regulaciones  |z Mx̌ico 
650 0 4 |a Aduanas  |z Mx̌ico 
740 0 |a vLex Libros (Servicio en ln̕ea) 
856 4 0 |u http://vlex.com/source/leyes-aduanales-comercio-exterior-2012-6639  |z Aceso restringido 
942 |c BOOK 
999 0 |a International trade 
999 0 |a Customs administration